000 00498nam a2200169Ia 4500
008 240729s9999 xx 000 0 und d
022 _a2634-4483
245 0 _aJournal of Medical Education Research
260 _aUnited Kingdom
260 _bUniversity of Buckingham Press
650 _a Medicine (General)
650 _a Special aspects of education | Medicine
650 _aEducation
856 _uhttps://doaj.org/toc/b710658ed1f6486e98410aea241b7f30
942 _2ddc
942 _cDOAJEJ
999 _c67390
_d67390
945 _a1
_bMadushi Gamage
_c1
_dMadushi Gamage